000 00630nam a2200253Ia 4500
003 OSt
005 20221005083100.0
006 a|||||r|||| 00| 0
007 ta
008 221004b |||||||| |||| 00| 0 eng d
020 _a8189487248 (pbk)
024 _a102463
037 _cTextual
040 _aCRL
_cCRL
_beng
041 _2eng
_aeng
082 _aY:1.2, P0
100 _aKapur Geeta
245 0 _aWhen was modernism
260 _aNew Delhi
_bTulika Books India
_c2000
300 _axv,439p.
_ccm.
650 _aSOCIOLOGY
942 _hY:1.2, P0
_cTEXL
_2cc
999 _c990275
_d990275